000 00246nam a2200097Ia 4500
001 691969
005 20250826161846.0
008 250824s9999 xx 000 0 und d
245 0 _aFESLEĞEN
_cHİKMET ANIL ÖZTEKİN
260 _bHAYY KİTAP YAYINLARI
999 _c691969
_d691969